Biện pháp quản lý hoạt động dạy học tại Trung tâm giáo dục thường xuyên kon Tum trong giai đoạn hiện nay

Cơ sở lý luận về quản lý hoạt động dạy học trong Trung tâm giáo dục thường xuyên. Thực trạng quản lý hoạt động dạy học của trung tâm giáo dục thường xuyên tỉnh Kon Tum. Biện pháp quản lý hoạt động dạy học của Giám đốc TT GDTX Kon Tum trong giai đoạn hiện nay....

Full beskrivning

Sparad:
Bibliografiska uppgifter
Huvudupphovsman: Lê Anh Hùng
Övriga upphovsmän: Nguyễn Phúc Châu TS (Hướng dẫn)
Materialtyp: Bok
Språk:Vietnamese
Publicerad: Đà Nẵng Đại học Đà Nẵng 2008
Ämnen:
Taggar: Lägg till en tagg
Inga taggar, Lägg till första taggen!
Thư viện lưu trữ: Mạng thư viện Đại học Đà Nẵng
LEADER 01807nam a2200361 4500
001 000010815
003 7035
005 20111221141241.0
008 111221s2008 viesd
041 |a vie 
072 |a Luận văn Thạc sĩ khoa học giáo dục 
082 |a 373.2  |b LÊ-H 
100 1 |a Lê Anh Hùng 
245 1 |a Biện pháp quản lý hoạt động dạy học tại Trung tâm giáo dục thường xuyên kon Tum trong giai đoạn hiện nay  |c Lê Anh Hùng 
260 |a Đà Nẵng  |b Đại học Đà Nẵng  |c 2008 
300 |a 136 tr.  |c 29 cm  |e 1 tóm tắt 
500 |a Luận văn Thạc sĩ Khoa học giáo dục. Chuyên ngành: Quản lý giáo dục. Mã số: 60.14.05 
520 |a Cơ sở lý luận về quản lý hoạt động dạy học trong Trung tâm giáo dục thường xuyên. Thực trạng quản lý hoạt động dạy học của trung tâm giáo dục thường xuyên tỉnh Kon Tum. Biện pháp quản lý hoạt động dạy học của Giám đốc TT GDTX Kon Tum trong giai đoạn hiện nay. 
653 |a Biên pháp quản lý hoạt động dạy học 
653 |a Luận văn Thạc sĩ Khoa học giáo dục 
653 |a Trung tâm giáo dục thường xuyên 
653 |a tinh Kon Tum 
700 1 |a Nguyễn Phúc Châu  |c TS  |e Hướng dẫn 
OWN |a LSP 
AVA |a UDN50  |b LSP  |d 373.2 LÊ-H  |e available  |t Error 5001 Not defined in file expand_doc_bib_avail.  |f 1  |g 0  |h N  |i 0  |k 1 
999 |a From the UDN01 
AVA |a UDN50  |b LSP  |d 373.2 LÊ-H  |e available  |t Error 5001 Not defined in file expand_doc_bib_avail.  |f 1  |g 0  |h N  |i 0  |k 1 
TYP |a Monograph 
TYP |a Printed language 
980 |a Mạng thư viện Đại học Đà Nẵng